| 000 | 00457nam a2200181Ia 4500 | ||
|---|---|---|---|
| 001 | 1108 | ||
| 005 | 20260306140607.0 | ||
| 008 | 260306t2010||||xx |||||||||||||| ||spa|| | ||
| 041 | _aESP | ||
| 082 |
_a182 _bF81 |
||
| 100 |
_aBernabè Pajares, Alberto [introd.] _eAUT |
||
| 245 | 0 |
_aFracmentos presocràticos: _bde Tales a Demócrito |
|
| 260 | _c2010 | ||
| 300 |
_a399 páginas : _c17 cm. |
||
| 650 | _aGEN | ||
| 654 | _aCHU | ||
| 942 |
_cLIB _dJUS _fJUS _2ddc _n |
||
| 999 |
_c1108 _d1108 |
||